| 000 | 00585nam a2200205Ia 4500 | ||
|---|---|---|---|
| 003 | GCL | ||
| 008 | 140319s9999 xx 000 0 ara d | ||
| 040 |
_aGCL / _cGCL |
||
| 082 | 0 | 4 |
_a301.243 _bم م |
| 100 | 1 | _aمى غصوب | |
| 245 | 1 | 0 |
_aما بعد الحداثة, العرب فى لقطة فيديو / _cمى غصوب |
| 260 |
_a[S.N] : _bدار الساقى ، _c1992 |
||
| 300 | _a103 ص | ||
| 490 | _a | ||
| 650 | 0 | 4 | _aالمجتمع |
| 650 | 0 | 4 | _aالعرب |
| 650 | 0 | 4 | _aالتغير الاجتماعى |
| 650 | 0 | 4 | _aالتطور الاجتماعى |
| 942 |
_2ddc _cBK |
||
| 999 |
_c56257 _d56257 |
||